00733cam a2200205 a 4500020001700000040000800017082002600025245005700051260005400108300003300162650001200195650003300207650003800240650000900278650002500287710003800312942001000350999001700360952015000377 a0309042690 : cDLC00a631 VET 1993 C278 Or.00aVetiver grass :ba thin green line against erosion / aWashington, D.C. :bNational Academy Press,c1993 axiv, 171 p. :bill. ;c23 cm 0aVetiver 0aPlants for soil conservation 2aConservation of Natural Resources 2aSoil 2aDeveloping Countries2 aNational Research Council (U.S.). cAEDBB c21294d21294 0010406631_000000000000000_VET_1993_C278_OR70993235aLBCbLBCcC278d2023-05-02o631 VET 1993 C278 Or.pa36053r2023-05-02w2023-05-02yAEDBB